Влияние граничных условий на политипные превращения в плотноупакованных кристаллах; Известия вузов. Физика; Т. 47, № 11

Detalhes bibliográficos
Parent link:Известия вузов. Физика/ Министерство общего и профессионального образования Российской Федерации ; Томский Госуниверситет.— , 1958-.— 0021-3411
Т. 47, № 11.— 2004.— с. 61-66
Autor principal: Молчанова Е. А.
Outros Autores: Потекаев А. И., Удодов В. Н.
Idioma:russo
Publicado em: 2004
Colecção:Физика конденсированного состояния
Assuntos:
Formato: MixedMaterials Capítulo de Livro
KOHA link:https://koha.lib.tpu.ru/cgi-bin/koha/opac-detail.pl?biblionumber=420204

MARC

LEADER 00000naa2a2200000 4500
001 420204
005 20231101073335.0
035 |a (RuTPU)RU\TPU\prd\77694 
035 |a RU\TPU\prd\32847 
090 |a 420204 
100 |a 20100302a2004 k y0rusy50 ca 
101 0 |a rus 
102 |a RU 
200 1 |a Влияние граничных условий на политипные превращения в плотноупакованных кристаллах  |f Е. А. Молчанова, А. И. Потекаев, В. Н. Удодов 
225 1 |a Физика конденсированного состояния 
320 |a Библиогр.: 5 назв. 
461 1 |0 (RuTPU)RU\TPU\prd\191  |x 0021-3411  |t Известия вузов. Физика  |f Министерство общего и профессионального образования Российской Федерации ; Томский Госуниверситет  |d 1958- 
463 1 |0 (RuTPU)RU\TPU\prd\77682  |t Т. 47, № 11  |v с. 61-66  |d 2004 
610 1 |a плотноупакованные кристаллы 
610 1 |a граничные условия 
610 1 |a политипные превращения 
610 1 |a модели Изинга 
610 1 |a диаграммы 
675 |a 539.26  |v 3 
700 1 |a Молчанова  |b Е. А. 
701 1 |a Потекаев  |b А. И. 
701 1 |a Удодов  |b В. Н. 
801 1 |a RU  |b 63413507  |c 20050216  |g PSBO 
801 2 |a RU  |b 63413507  |c 20101109  |g RCR 
942 |c BK